000 00602nam a22001937a 4500
008 161026b xxu||||| |||| 00| 0 eng d
020 _a0131087479
050 _aHD 31 .S6963 1995
100 _aStoner, James A. F.
245 _aManagement/
_cJames A. Stoner, R. Edward Freeman and Daniel Gilbert
250 _a6th ed.
260 _aEnglewood, NJ:
_bPrentice Hall,
_c1995
300 _axxv, 630p. :
_bill. ;
_c28cm
500 _aIncludes index.
650 _aManagement.
700 _aFreeman, R. Edward
700 _aGilbert, Daniel
942 _2lcc
_cBOOKS
_hHD 31 .S6963 1995
999 _c15139
_d15139